Zoznam činností vykonávaných podľa zákona č. 455/1991 Zb. o živnostenskom podnikaní ... príloha č. 1 k zákonu č. 366/1999 Z.z.

Zoznam činností vykonávaných podľa zákona č. 455/1991 Zb. o živnostenskom podnikaní (živnostenský zákon) v znení neskorších predpisov, z ktorých príjmy sa zdaňujú paušálnou daňou. Príloha č. 1 k zákonu č. 366/1999 Z.z.

Na minha lista:
Detalhes bibliográficos
Formato: Capítulo de Livro
Idioma:eslovaco
Assuntos:
Tags: Adicionar Tag
Sem tags, seja o primeiro a adicionar uma tag!

MARC

LEADER 00000naa a2200000 4500
001 r037076
005 20230919090610.2
041 0 |a slo 
044 |a SK 
245 1 0 |a Zoznam činností vykonávaných podľa zákona č. 455/1991 Zb. o živnostenskom podnikaní ...  |b príloha č. 1 k zákonu č. 366/1999 Z.z. 
520 |a Zoznam činností vykonávaných podľa zákona č. 455/1991 Zb. o živnostenskom podnikaní (živnostenský zákon) v znení neskorších predpisov, z ktorých príjmy sa zdaňujú paušálnou daňou. Príloha č. 1 k zákonu č. 366/1999 Z.z. 
610 2 0 |a živnosti 
610 2 0 |a koncesie 
610 2 0 |a podnikanie súkromné 
610 2 0 |a dane z príjmov 
610 2 0 |a dane paušálne